000 00516nam a2200181Ia 4500
001 13217
005 20260306163037.0
008 260306t2008||||xx |||||||||||||| ||spa||
041 _aESP
082 _a001.42
_bC28
100 _aCarli, Alberto
_eAUT
245 0 _aLa ciencia como herramienta:
_bGuía para la investigación y la realización de informes, monografías y tesis científicas
260 _c2008
300 _a166 páginas :
_c22 cm.
650 _aGEN
654 _aCHU
942 _cLIB
_dJUS
_fJUS
_2ddc
_n
999 _c13217
_d13217